BABYMONSTER - Chansons de l'album BABYMONS7ER - Statistiques

Statistiques générales
  • Ce quiz a été pris 21 fois
  • Le résultat moyen est 6 sur 6
Statistiques - réponses
Hint Réponse % Correct
BABYMONS7ER 5 BATTER UP (7 ver.)
100%
BABYMONS7ER 2 SHEESH
100%
BABYMONS7ER 6 DREAM
94%
BABYMONS7ER 3 LIKE THAT
94%
BABYMONS7ER 1 MONSTERS (Intro)
94%
BABYMONS7ER 4 Stuck in the Middle (7 ver.)
89%
Aucun quiz correspondant
Distribution des résultats
% des personnes avec chaque résultat
Percentile par nombre de réponses
Votre historique - résultats
Vous n’avez pas pris ce quiz